000 00729nam a22002177a 4500
003 UA-OsUOA
001 42642
007 ta
008 20090303b un ||||| |||| 00| 0 ukr d
090 _a050
_bЖ66
942 _cNP
040 _aUA-OsUOA
_bukr
_cUA-OsUOA
_dUA-OsUOA
245 _aЖива вода
_bСерпень 2008, №8(163)
955 _a4
041 _aukr
080 _a050
260 _aТрускавець
246 3 1 _aГазета Самбірсько-Дрогобицької Єпархії УГКЦ
650 7 _a050 Серійні публікації. Періодика галузі, Організація та інші типи поєднання (співробітництва)
_2UDC
999 _c441140
_d441140